000 00807nam a2200229 4500
001 124045
003 ES-MaACL
005 20250702170746.0
007 t|
008 070214s1972 sp r ||||1| spa d
100 1 _aRamón y Cajal, Santiago,
_d1852-1934
_9226468
245 1 0 _aElementos de técnica micrográfica del sistema nervioso /
_cpor S. Ramón y Cajal y F. de Castro.
250 _a2ª ed.
_bactualizada por A. Bullón Ramírez y J. Merchán Cifuentes.
260 _aBarcelona :
_bSalvat,
_c1972.
300 _aXI, 283 p. :
_bil. ;
_c24 cm.
650 4 _aMicroscopía.
_915032
700 1 _aCastro, Fernando de,
_d1896-1967
_9150498
700 1 _aBullón Ramírez, A.
_932519
700 1 _aMerchán Cifuentes, J.
_980455
852 _aES-MaACL
_jC-40969
999 _c124045
_d124045